00644nam a2200193Ia 4500999001500000020001800015082002100033100001900054245004600073260003400119300001600153504002600169650002300195650003300218650002600251650003800277942000700315952012800322 c4063d4063 a81-7596-204-6 a658.400954 JOS-; aJoshi, Vasudha 0aCorporate governance: the Indian scenario aDelhibFoundation Booksc2004 aviii, 165p. aincludes bibliography aBoard of directors aCorporate governance - India aGovernance, Corporate aDirectors of corporations - India cBK 00104070aNASSDOCbNASSDOCd2005-03-04eICONi2005-02-11l0o658.400954 JOS-;p40477r2019-04-18 00:00:00w2019-04-18yBK